00580nam a22001932 4500001001100000005001700011008004100028020001700069040001500086245009400101250001300195260003100208300001600239650003000255650002500285700003500310700003800345852000300383000002391520151217152251.0130416s xx 000 0 eng d a0199534456 : aKABUcKABU10aFoundation clinical nursing skills /cedited by Charles Docherty and Jacqueline McCallum. a1st ed. aOxford :bO. U. P.,c2009. axx, 490 p. 0aNursing care.@0000179336 0aNursing.@00001558521 aDocherty, Charles.@00001837001 aMcCallum, Jacqueline.@00001837011